| 000 | 01251nkm a2200289 i 4500 | ||
|---|---|---|---|
| 001 | 3838 | ||
| 003 | ES-MaACL | ||
| 005 | 20250713062831.0 | ||
| 007 | khrbo | ||
| 008 | 070613s1986 sp --- g |001||spa d | ||
| 100 | 0 |
_aAlfonso, _d1902-1990 _919858 |
|
| 245 | 1 | 3 |
_aEl pueblo gitano [ _hFotografía] _b: su realidad social y cultural / _cAlfonso (sello). |
| 260 |
_a[S.l. : _bs.n.], _c1986. |
||
| 300 |
_a2 fot. : _bb. y n. ; _c12 x 18 cm. |
||
| 490 | 1 | _aProblemática de la marginación gitana | |
| 500 | _aDatos basados en invitación. | ||
| 511 | 0 | _aInterviene: Henar Corbi. | |
| 518 | _aActo organizado por el Ateneo de Madrid en colaboración con la Asociación Prevención de la Marginalidad (APREMAR), celebrado en la sala de conferencias el martes, 17 de junio de 1986, a las 19:30 h. | ||
| 600 | 1 | 4 |
_aCorbi, Henar. _940465 |
| 610 | 2 | 4 |
_aAteneo de Madrid- _xActos culturales- _y1986- _vFotografías. _91901 |
| 710 | 2 |
_aAteneo de Madrid. _91875 |
|
| 710 | 2 |
_aAsociación Prevención de la Marginalidad. _91784 |
|
| 830 | 0 |
_aProblemática de la marginación gitana _9176956 |
|
| 852 |
_aES-MaACL _jFOT 160/1986 |
||
| 856 | 4 |
_uhttp://www.ateneodemadrid.net/biblioteca_digital/imagenes/1986/0160-1986.jpg _zVer imagen |
|
| 999 |
_c3838 _d3838 |
||